000
00338nam a22001457a 4500
005
20170724122909.0
008
170724b xxu||||| |||| 00| 0 eng d
022
_a
20724586
040
_c
PK-LaUMT
082
_a
ZIAC 297.05
_b
INS-
245
_a
Insights/
260
_a
Islamabad:
_b
Dawah academy,
_c
2010
300
_a
154 p.
942
_c
BK
999
_c
95610
_d
95610